| 000 | nam a22 a 4500 | ||
|---|---|---|---|
| 999 |
_c2052 _d2052 |
||
| 005 | 20170515104130.0 | ||
| 008 | 170515b1973 my ||||| |||| 00| 0 may d | ||
| 040 | _aAKMAL | ||
| 082 | _a343.59506 PER | ||
| 090 |
_a343.59506 _bPER |
||
| 110 | 2 |
_aMalaysia _bBiro Pendidikan, Kesatuan Pegawai-Pegawai Kastam, (Semenanjung Malaysia) Caw. Johor. _94229 |
|
| 245 | 0 | 1 |
_aPerintah Tetap Kastam / _cdikelolakan oleh Biro Pendidikan, Kesatuan Pegawai-Pegawai Kastam, (Semenanjung Malaysia) Caw. Johor. |
| 250 | _aEdisi Baru | ||
| 260 |
_aJohor : _bJabatan Kastam Diraja Malaysia, _c[?]. |
||
| 300 |
_aviii, 710ms. ; _billustrated. _c26cm |
||
| 546 | _aMengandungi Bahasa Melayu dan Bahasa Inggeris | ||
| 650 | 1 |
_aCustoms Administration _xLaw and legislation _zMalaysia _94230 |
|
| 650 | 2 |
_aTrade regulation _zMalaysia _92454 |
|
| 650 | 2 |
_aTariff _xLaw and legislation _zMalaysia _920 |
|
| 710 | 2 |
_aMalaysia _bJabatan Kastam Diraja Malaysia _91301 |
|
| 942 |
_2ddc _cBOOK |
||
| 950 | _lAKMAL | ||